000
00266nam a22001217a 4500
040
_c
rua
082
_a
541 ATK 1982 A084 Or.
100
_a
P.W. ATKINS.
245
_a
Chimie physique 2.
260
_a
x.1259p.
_b
ill.
300
_a
phnom penh
_b
rua
_c
1982
942
_c
REC
999
_c
21407
_d
21407